• 首页
  • 本馆介绍
  • 公告通知
  • 最新文献
  • 馆藏检索
  • 电子资源
  • 读者导购
  • 参考咨询
  • 我的图书馆
  • 登录
  • 详细信息显示
  • 放入我的书架
  • 预约/预借图书
  • 作者相关作品
  • 分类相关作品
  • 丛书相关作品
  • 出版社相关作品

书目信息

  • 表格格式
  • 工作单格式
  • 卡片格式
题名:
偏微分方程引论
    
 
作者: 韩丕功 , 刘朝霞 著
分册:  
出版信息: 北京   科学出版社  2016.03
页数: 298页
开本: 24cm
丛书名: 现代数学基础丛书
单 册:
中图分类: O175.2
科图分类:
主题词: 偏微分方程
电子资源:
ISBN: 978-7-03-047732-3
000 01093oam2 2200265 450
001 4625
005 20181012142945.23
010    @a978-7-03-047732-3@dCNY118.00
100    @a20160421d2016 em y0chiy50 ea
101 0  @achi
102    @aCN@b110000
105    @ay az 001yy
200 1  @a偏微分方程引论@9pian wei fen fang cheng yin lun@b专著@f韩丕功,刘朝霞著
210    @a北京@c科学出版社@d2016.03
215    @a298页@d24cm
225 2  @a现代数学基础丛书@v163
320    @a有书目(第297-298页)和索引
330    @a《偏微分方程引论》系统介绍现代偏微分方程的基本理论和方法.偏微分方程是数学学科的一个重要分支,主要来源于物理学、化学、力学、几何学及泛函分析理论的研究,它与其他数学分支均有广泛的联系,而且在自然科学与工程技术中有广泛的应用.《偏微分方程引论》内容主要包括广义函数理论,Sobolev空间的基本性质和技巧,二阶线性椭圆型方程、双曲型方程、抛物型方程与半群理论,
461  0 @12001 @a现代数学基础丛书
606 0  @a偏微分方程
690    @aO175.2@v5
701  0 @a韩丕功@9han pi gong@4著
701  0 @a刘朝霞@9liu chao xia@4著
801  0 @aCN@b91MARC@c20160613
905    @aMuseLib@dO175.2@e147
    
    偏微分方程引论/韩丕功,刘朝霞著.-北京:科学出版社,2016.03
    298页;24cm.-(现代数学基础丛书;163)
    
    
    ISBN 978-7-03-047732-3:CNY118.00
    《偏微分方程引论》系统介绍现代偏微分方程的基本理论和方法.偏微分方程是数学学科的一个重要分支,主要来源于物理学、化学、力学、几何学及泛函分析理论的研究,它与其他数学分支均有广泛的联系,而且在自然科学与工程技术中有广泛的应用.《偏微分方程引论》内容主要包括广义函数理论,Sobolev空间的基本性质和技巧,二阶线性椭圆型方程、双曲型方程、抛物型方程与半群理论,
●
相关链接 在E读中查询图书 在五车中查询图书 在当当中查询图书 在豆瓣中查询图书


正题名:偏微分方程引论     索取号:O175.2/147         预约/预借

序号 登录号 条形码 馆藏地/架位号 状态 备注
1 1126031   211260311   第二样本阅览室/ [索取号:O175.2/147] 在馆    
2 1126032   211260320   第三借阅区/ [索取号:O175.2/147] 在馆    
3 1126033   211260339   第三借阅区/ [索取号:O175.2/147] 在馆    
4 1126034   211260348   密集书库-数信学院/ [索取号:O175.2/147] 在馆    
唐山师范学院图书馆 欢迎您!
大连网信软件有限公司© 版权所有